[Event "Warsaw Maciei Memorial Blitz"]
[White "Figa, Karolina"]
[Black "Szewczak, Andrzej"]
[Site "Warsaw"]
[Round "11"]
[Result "1-0"]
[Date "2024.07.08"]
[WhiteElo "1591"]
[BlackElo "1797"]
[PlyCount "67"]
[EventDate "2024.07.08"]
[EventType "swiss (blitz)"]
[EventRounds "11"]
[EventCountry "POL"]
[SourceTitle "CBM 221 Extra"]
[Source "ChessBase"]
[SourceDate "2024.09.30"]
[SourceVersion "1"]
[SourceVersionDate "2024.09.30"]
[SourceQuality "1"]

1. d4 b5 2. c3 e6 3. Qb3 a6 4. a4 c5 5. axb5 c4 6. Qc2 a5 7. e4 Bb7 8. Bxc4 f5 9. Bd3 Qb6 10. f3 Nf6 11. Bg5 fxe4 12. fxe4 h6 13. Bh4 g5 14. Bg3 Bg7 15. Ne2 0-0 16. 0-0 Nh5 17. Nd2 Nxg3 18. Nxg3 d6 19. Rxf8+ Bxf8 20. Rf1 Nd7 21. Kh1 e5 22. d5 Nc5 23. Be2 Bg7 24. Nc4 Qc7 25. Nf5 Bf8 26. b6 Qd7 27. b4 axb4 28. cxb4 Na6 29. Qd2 Rc8 30. Bg4 Qb5 31. Ncxd6 Qxb4 32. Qxb4 Nxb4 33. Nxc8 Bxc8 34. Ne3 1-0

[Event "Warsaw Maciei Memorial"]
[White "Malek, Jan"]
[Black "Szewczak, Andrzej"]
[Site "Warsaw"]
[Round "6"]
[Result "1-0"]
[Date "2023.07.10"]
[WhiteElo "2384"]
[BlackElo "1641"]
[PlyCount "124"]
[EventDate "2023.07.10"]
[EventType "swiss (blitz)"]
[EventRounds "11"]
[EventCountry "POL"]
[SourceTitle "CBM 215 Extra"]
[Source "ChessBase"]
[SourceDate "2023.09.30"]
[SourceVersion "1"]
[SourceVersionDate "2023.09.30"]
[SourceQuality "1"]

1. d4 b5 2. b3 e6 3. Bb2 Bb7 4. Nd2 Nf6 5. Ngf3 Be7 6. e3 b4 7. Bd3 d5 8. Qe2 a5 9. e4 dxe4 10. Nxe4 Nxe4 11. Bxe4 Bxe4 12. Qxe4 Qd5 13. Qxd5 exd5 14. a3 Ra6 15. axb4 axb4 16. 0-0 Rc6 17. Rfc1 0-0 18. Ra5 Rd8 19. Ne5 Re6 20. Rca1 f6 21. Nd3 Rc6 22. Re1 Kf7 23. Re2 Na6 24. Nf4 Rcd6 25. Kf1 Nb8 26. Rb5 R6d7 27. Nd3 Nc6 28. f3 g5 29. Rb7 Rb8 30. Rxb8 Nxb8 31. Re1 Nc6 32. Ra1 Bd6 33. Ra6 Ne7 34. Kf2 c6 35. g3 Rb7 36. Bc1 Ke6 37. Bd2 Nf5 38. Rxc6 Nxd4 39. Nc5+ Ke7 40. Rxd6 Kxd6 41. Nxb7+ Kc6 42. Nd8+ Kd7 43. Nf7 Nxc2 44. Nh6 Ke6 45. g4 d4 46. Ke2 Kd5 47. Nf5 Kc5 48. Kd3 Na1 49. Nxd4 Kd5 50. Bxb4 f5 51. Bc3 fxg4 52. fxg4 Nxb3 53. Nxb3 Ke6 54. Nd4+ Kf6 55. Nf3+ Kg6 56. Ke4 Kh6 57. Bd2 Kg6 58. Bxg5 h5 59. Kf4 hxg4 60. Kxg4 Kg7 61. h4 Kg6 62. h5+ Kf7 1-0

[Event "Warsaw YMCA Summer-A 217th"]
[White "Szewczak, Andrzej"]
[Black "Sloniewski, Michal"]
[Site "Warsaw"]
[Round "5"]
[Result "1/2-1/2"]
[Date "2019.07.24"]
[WhiteElo "1720"]
[BlackElo "1744"]
[PlyCount "130"]
[EventDate "2019.07.03"]
[EventType "swiss"]
[EventRounds "10"]
[EventCountry "POL"]
[SourceTitle "EXT 2020"]
[Source "ChessBase"]
[SourceDate "2019.10.17"]
[SourceVersion "1"]
[SourceVersionDate "2019.10.17"]
[SourceQuality "1"]

1. e4 d5 2. exd5 Nf6 3. c4 e6 4. dxe6 Bxe6 5. Nf3 Nc6 6. d4 Bb4+ 7. Nc3 Ne4 8. Bd2 Nxd2 9. Qxd2 Qe7 10. 0-0-0 0-0-0 11. d5 Bg4 12. Qf4 h5 13. Qe3 Bxc3 14. Qxe7 Bxb2+ 15. Kxb2 Nxe7 16. Re1 Rhe8 17. Nd4 Nf5 18. Nc2 Rxe1 19. Nxe1 Nd6 20. Bd3 c6 21. f3 Bf5 22. Bxf5+ Nxf5 23. dxc6 bxc6 24. g4 Ne3 25. gxh5 Rd1 26. Rg1 g6 27. hxg6 fxg6 28. Kc3 c5 29. Rxg6 Rxe1 30. Kd2 Ra1 31. Kxe3 Rxa2 32. h4 Rh2 33. Rh6 a5 34. Ra6 Rxh4 35. f4 Rh3+ 36. Ke4 Ra3 37. Kd5 Kb7 38. Rf6 Rf3 39. Kxc5 a4 40. Rf7+ Kb8 41. Kc6 a3 42. Rf8+ Ka7 43. Rf5 Kb8 44. Rb5+ Kc8 45. Ra5 Kb8 46. f5 a2 47. Rxa2 Rxf5 48. Rd2 Kc8 49. c5 Rf6+ 50. Rd6 Rf7 51. Rh6 Rc7+ 52. Kb6 Rb7+ 53. Kc6 Rc7+ 54. Kb5 Rb7+ 55. Rb6 Ra7 56. Rh6 Rb7+ 57. Kc4 Rg7 58. Kd5 Rd7+ 59. Rd6 Rh7 60. Kc6 Rc7+ 61. Kb6 Rb7+ 62. Ka6 Rb1 63. Rb6 Ra1+ 64. Kb5 Kc7 65. Rc6+ Kb7 1/2-1/2

[Event "Warsaw YMCA Summer-A 217th"]
[White "Szewczak, Andrzej"]
[Black "Pajak, Jakub Lech"]
[Site "Warsaw"]
[Round "3"]
[Result "1-0"]
[Date "2019.07.17"]
[WhiteElo "1720"]
[BlackElo "1967"]
[PlyCount "169"]
[EventDate "2019.07.03"]
[EventType "swiss"]
[EventRounds "10"]
[EventCountry "POL"]
[SourceTitle "EXT 2020"]
[Source "ChessBase"]
[SourceDate "2019.10.17"]
[SourceVersion "1"]
[SourceVersionDate "2019.10.17"]
[SourceQuality "1"]

1. e4 Nf6 2. Nc3 d5 3. e5 d4 4. exf6 dxc3 5. fxg7 cxd2+ 6. Bxd2 Bxg7 7. Qc1 Nc6 8. Nf3 Qd5 9. h3 Bf5 10. c3 0-0-0 11. Be2 Ne5 12. Nxe5 Qxe5 13. Be3 Rhg8 14. f4 Qe4 15. Kf2 Bd4 16. Bf3 Bxe3+ 17. Qxe3 Qc2+ 18. Be2 Rd2 19. g4 Bd3 20. Rhe1 Qxb2 21. Rad1 Rxe2+ 22. Rxe2 Qxe2+ 23. Qxe2 Bxe2 24. Kxe2 Rd8 25. Rb1 Rd6 26. h4 Ra6 27. Rb2 Ra4 28. Kf3 Ra3 29. Rc2 b5 30. Ke4 Kd7 31. g5 Ra4+ 32. Kf5 Rc4 33. h5 b4 34. Rd2+ Ke8 35. cxb4 Rxb4 36. Rc2 e6+ 37. Kf6 Kf8 38. Ke5 Rb5+ 39. Ke4 c5 40. Rc4 Ke7 41. Ke5 Ra5 42. a4 Ra6 43. Rxc5 Rxa4 44. Rc7+ Kf8 45. h6 Ra5+ 46. Ke4 Ra4+ 47. Kf3 a5 48. Ra7 Ra1 49. Ke4 Re1+ 50. Kd4 Rd1+ 51. Ke5 Rd5+ 52. Ke4 Rb5 53. Ra8+ Ke7 54. Rh8 Rb4+ 55. Ke3 Rb3+ 56. Kd2 Rg3 57. Rxh7 a4 58. Rh8 a3 59. Ra8 Rh3 60. Kc2 Kd6 61. Kb1 f6 62. gxf6 Rb3+ 63. Ka1 Rb7 64. Ra6+ Kd5 65. Rxa3 e5 66. f5 Rh7 67. Rh3 Kd6 68. Kb2 Kd7 69. Kc2 Ke8 70. Kd3 Kf7 71. Ke4 Kxf6 72. Rh5 Rh8 73. h7 Kg7 74. Rh1 Kf6 75. Rh2 Kg7 76. Rg2+ Kf7 77. Ra2 Re8 78. Ra6 Kg7 79. Ra7+ Kh8 80. f6 Rf8 81. Kf5 e4 82. Kg6 Rb8 83. Re7 e3 84. Rxe3 Rf8 85. f7 1-0

[Event "Warsaw YMCA Summer-A 217th"]
[White "Kurowski, Andrzej"]
[Black "Szewczak, Andrzej"]
[Site "Warsaw"]
[Round "1"]
[Result "1-0"]
[Date "2019.07.16"]
[WhiteElo "1705"]
[BlackElo "1720"]
[PlyCount "77"]
[EventDate "2019.07.03"]
[EventType "swiss"]
[EventRounds "10"]
[EventCountry "POL"]
[SourceTitle "EXT 2020"]
[Source "ChessBase"]
[SourceDate "2019.10.17"]
[SourceVersion "1"]
[SourceVersionDate "2019.10.17"]
[SourceQuality "1"]

1. Nf3 Nf6 2. c4 g6 3. Nc3 Bg7 4. d4 d6 5. e4 0-0 6. Be2 Nbd7 7. 0-0 e5 8. Re1 a5 9. Bf1 Re8 10. d5 Nc5 11. b3 Nh5 12. Bg5 f6 13. Be3 h6 14. Rc1 Kh7 15. h3 Nf4 16. Bxf4 exf4 17. Qd2 g5 18. Nd4 Re5 19. Qc2 Bd7 20. Nf3 Re7 21. e5+ Kh8 22. e6 Nxe6 23. dxe6 Rxe6 24. Nd4 Re5 25. Nf3 Re8 26. Rxe8+ Qxe8 27. Re1 Qf7 28. Nd5 Re8 29. Rxe8+ Bxe8 30. Qe4 c6 31. Ne7 Bf8 32. Nf5 Bd7 33. Bd3 d5 34. Qd4 Be6 35. c5 Bxf5 36. Bxf5 Kg7 37. Qc3 b5 38. cxb6 c5 39. Qxa5 1-0

[Event "Warsaw YMCA Summer-A 217th"]
[White "Basiaga, Sebastian"]
[Black "Szewczak, Andrzej"]
[Site "Warsaw"]
[Round "2"]
[Result "0-1"]
[Date "2019.07.05"]
[WhiteElo "1690"]
[BlackElo "1720"]
[PlyCount "138"]
[EventDate "2019.07.03"]
[EventType "swiss"]
[EventRounds "10"]
[EventCountry "POL"]
[SourceTitle "EXT 2020"]
[Source "ChessBase"]
[SourceDate "2019.10.17"]
[SourceVersion "1"]
[SourceVersionDate "2019.10.17"]
[SourceQuality "1"]

1. e4 e5 2. Nf3 Nc6 3. Bb5 Bc5 4. d3 d6 5. c3 a6 6. Ba4 Ba7 7. 0-0 Bg4 8. Re1 Qf6 9. Nbd2 Nge7 10. h3 Be6 11. Nf1 h6 12. Be3 0-0 13. Bxa7 Nxa7 14. Ng3 g6 15. d4 Rad8 16. Qe2 Kh7 17. Qe3 Nac8 18. Bc2 Nb6 19. b3 Bc8 20. Rad1 Nc6 21. Rd2 Rfe8 22. Red1 Qe7 23. d5 Nb8 24. Bd3 Rg8 25. Rf1 N8d7 26. b4 Nf6 27. c4 Nh5 28. Nxh5 gxh5 29. Kh2 h4 30. Ne1 Nd7 31. f4 Rg3 32. Qf2 Rdg8 33. f5 Nf6 34. Qe2 Qe8 35. Bc2 Bd7 36. Rd3 R3g5 37. Qf2 Ba4 38. Bb1 Qd8 39. Ra3 Bd1 40. Qd2 Bh5 41. Qf2 Rg4 42. Re3 R8g5 43. Kh1 Rf4 44. Nf3 Rg3 45. Qg1 Qg8 46. Nh2 Qg5 47. Ree1 Rc3 48. c5 Rc4 49. cxd6 cxd6 50. Rxf4 Qxf4 51. Qb6 Rc1 52. Qg1 Rc4 53. Qb6 Qd2 54. Rf1 Qxb4 55. Qd8 Kg7 56. Ng4 Bxg4 57. hxg4 Qc5 58. Bd3 Rc1 59. Qe7 Rxf1+ 60. Bxf1 Qf2 61. Qxd6 Qxf1+ 62. Kh2 Qf4+ 63. Kg1 Qc1+ 64. Kh2 Nxg4+ 65. Kh3 Qe3+ 66. Kxh4 Qg5+ 67. Kg3 Qf4+ 68. Kh4 Nf2+ 69. Kh5 Qh2# 0-1

[Event "Warsaw YMCA Summer-A 202nd"]
[White "Prus, Marek"]
[Black "Szewczak, Andrzej"]
[Site "Warsaw"]
[Round "9"]
[Result "0-1"]
[Date "2018.08.08"]
[WhiteElo "1641"]
[BlackElo "1725"]
[PlyCount "106"]
[EventDate "2018.07.04"]
[EventType "tourn"]
[EventRounds "10"]
[EventCountry "POL"]
[SourceTitle "EXT 2021"]
[Source "ChessBase"]
[SourceDate "2020.10.23"]
[SourceVersion "1"]
[SourceVersionDate "2020.10.23"]
[SourceQuality "1"]

1. e4 e5 2. Nf3 Nc6 3. Bb5 Bc5 4. 0-0 Qf6 5. c3 Nge7 6. Re1 h6 7. d3 a6 8. Ba4 0-0 9. Nbd2 d6 10. h3 g5 11. Nf1 g4 12. hxg4 Bxg4 13. N1h2 Bh5 14. Be3 Kh7 15. Kh1 Rg8 16. Rg1 Bxe3 17. fxe3 Rg3 18. Qf1 Rag8 19. Qf2 Nd8 20. Bd7 Ne6 21. Raf1 R8g7 22. Bxe6 fxe6 23. d4 Nc6 24. d5 Nd8 25. Qd2 Qe7 26. Rf2 Bg6 27. Qd3 exd5 28. Qxd5 c6 29. Qd1 Bxe4 30. Nd2 Bd5 31. c4 Bg8 32. Ne4 R3g6 33. Qd3 Kh8 34. Rd1 Nf7 35. Nf3 Re6 36. Qf1 Rg4 37. Ned2 Reg6 38. Nh2 Rh4 39. Ndf3 Rh5 40. e4 Rg3 41. Qe2 Ng5 42. Kg1 Nh3+ 43. Kf1 Nxf2 44. Kxf2 Rg6 45. g4 Rxh2+ 46. Nxh2 Qh4+ 47. Kg1 h5 48. Qg2 Bxc4 49. b3 Bg8 50. Rf1 Rg7 51. Rd1 d5 52. Rf1 hxg4 53. Nf3 gxf3 0-1

[Event "Warsaw YMCA Summer-A 202nd"]
[White "Szewczak, Andrzej"]
[Black "Prus, Marek"]
[Site "Warsaw"]
[Round "5"]
[Result "0-1"]
[Date "2018.07.25"]
[WhiteElo "1725"]
[BlackElo "1641"]
[PlyCount "60"]
[EventDate "2018.07.04"]
[EventType "tourn"]
[EventRounds "10"]
[EventCountry "POL"]
[SourceTitle "EXT 2021"]
[Source "ChessBase"]
[SourceDate "2020.10.23"]
[SourceVersion "1"]
[SourceVersionDate "2020.10.23"]
[SourceQuality "1"]

1. e4 g6 2. g3 Bg7 3. Bg2 e6 4. d3 c5 5. c3 Nc6 6. Be3 b6 7. Qd2 Bb7 8. Na3 d5 9. exd5 exd5 10. Nb5 Nge7 11. Bh6 0-0 12. h4 Re8 13. 0-0-0 a6 14. Na3 Nf5 15. Bxg7 Nxg7 16. g4 Ne5 17. g5 Rc8 18. Ne2 Ne6 19. Ng3 Qc7 20. h5 Nf4 21. hxg6 Nxg2 22. Nh5 Nf3 23. Nf6+ Kg7 24. Rxh7+ Kxg6 25. Rh6+ Kf5 26. Nxe8 Rxe8 27. Rf6+ Kg4 28. Rxf3 Kxf3 29. Nc2 Re2 30. g6 Rxd2 0-1

[Event "Warsaw YMCA Summer-A 202nd"]
[White "Safanowski, Tomasz"]
[Black "Szewczak, Andrzej"]
[Site "Warsaw"]
[Round "1"]
[Result "1-0"]
[Date "2018.07.04"]
[WhiteElo "1802"]
[BlackElo "1725"]
[PlyCount "89"]
[EventDate "2018.07.04"]
[EventType "tourn"]
[EventRounds "10"]
[EventCountry "POL"]
[SourceTitle "EXT 2021"]
[Source "ChessBase"]
[SourceDate "2020.10.23"]
[SourceVersion "1"]
[SourceVersionDate "2020.10.23"]
[SourceQuality "1"]

1. e4 e5 2. Nf3 Nc6 3. Bb5 Qf6 4. Nc3 Nd4 5. Nd5 Nxf3+ 6. Qxf3 Qxf3 7. gxf3 c6 8. Nc7+ Kd8 9. Nxa8 cxb5 10. d4 f6 11. a4 b4 12. a5 Ne7 13. d5 Ng6 14. Be3 a6 15. Ke2 Nf4+ 16. Kd2 g5 17. c4 Ng2 18. Bb6+ Ke8 19. c5 d6 20. c6 bxc6 21. dxc6 Bh6 22. Be3 Nxe3 23. fxe3 Kd8 24. Nb6 Be6 25. Rac1 Kc7 26. Nd5+ Bxd5 27. exd5 Rb8 28. Kd3 Rb5 29. Ke4 f5+ 30. Kxf5 Rxd5 31. Ke6 Rxa5 32. Ra1 Rxa1 33. Rxa1 g4 34. fxg4 Bxe3 35. Rxa6 b3 36. Kd5 Bc5 37. h4 Bf2 38. Ra3 e4 39. Kxe4 Kxc6 40. h5 Kc5 41. Rxb3 d5+ 42. Kd3 Bh4 43. Rb7 h6 44. b4+ Kd6 45. Rb6+ 1-0

[Event "Warsaw YMCA Spring-A 183rd"]
[White "Szewczak, Andrzej"]
[Black "Choroszej, Aleksander"]
[Site "Warsaw"]
[Round "11"]
[Result "0-1"]
[Date "2017.06.09"]
[WhiteElo "1789"]
[BlackElo "1984"]
[PlyCount "60"]
[EventDate "2017.04.06"]
[EventType "tourn"]
[EventRounds "13"]
[EventCountry "POL"]
[SourceTitle "EXT 2018"]
[Source "ChessBase"]
[SourceDate "2017.10.13"]
[SourceVersion "1"]
[SourceVersionDate "2017.10.13"]
[SourceQuality "1"]

1. e4 g6 2. Nc3 Bg7 3. g3 c5 4. Bg2 Nc6 5. d3 e6 6. Be3 d6 7. Qc1 h6 8. Nce2 Nge7 9. c3 b6 10. h4 Ba6 11. Qd2 Rc8 12. g4 Ne5 13. c4 Nxg4 14. Nc3 Nxe3 15. fxe3 Rb8 16. a4 Bb7 17. Nge2 d5 18. cxd5 exd5 19. h5 g5 20. 0-0 0-0 21. Ng3 d4 22. exd4 Qxd4+ 23. Kh1 Rbd8 24. Rad1 f5 25. Nge2 Qe5 26. Qc2 f4 27. Bf3 Bc8 28. Rg1 g4 29. Bxg4 Bxg4 30. Nxf4 Rxf4 0-1

[Event "Lazy Baltic Pearl op 10th"]
[White "Szewczak, Andrzej"]
[Black "Wacior, Maciej"]
[Site "Lazy"]
[Round "2"]
[Result "0-1"]
[Date "2014.06.30"]
[WhiteElo "1976"]
[BlackElo "1863"]
[PlyCount "112"]
[EventDate "2014.06.29"]
[EventType "swiss"]
[EventRounds "9"]
[EventCountry "POL"]
[SourceTitle "CBM 161 Extra"]
[Source "ChessBase"]
[SourceDate "2014.08.29"]
[SourceVersion "1"]
[SourceVersionDate "2014.08.29"]
[SourceQuality "1"]

1. e4 c6 2. Nc3 d5 3. d3 Nf6 4. Be2 d4 5. Nb1 e6 6. f4 Qb6 7. h3 Nbd7 8. Nf3 Bb4+ 9. Nbd2 Nh5 10. a3 Bxd2+ 11. Qxd2 0-0 12. 0-0 Ng3 13. Rf2 Nf6 14. e5 Nd5 15. Ne1 f6 16. Bf3 Ne3 17. Qb4 fxe5 18. fxe5 Qxb4 19. axb4 Rf5 20. c3 Nd5 21. Bxd5 cxd5 22. cxd4 Bd7 23. Rxf5 Nxf5 24. Nf3 h6 25. g4 Ne7 26. Bd2 Bb5 27. Ra3 Rf8 28. Kf2 Nc6 29. Ke3 a6 30. Bc3 Ne7 31. h4 Ng6 32. Bd2 Nf4 33. Ne1 Nh3 34. Rc3 Nf2 35. Rc7 Nxg4+ 36. Ke2 Rf2+ 37. Kd1 Rh2 38. Rxb7 Rxh4 39. Re7 Nf2+ 40. Kc2 Rh3 41. Rxe6 Nxd3 42. Ng2 Rh2 43. Ne3 Nxb4+ 44. Kb3 Rxd2 45. Kxb4 Rxd4+ 46. Kc5 Rd2 47. b4 d4 48. Nf5 Bd7 49. Nxh6+ gxh6 50. Rxa6 d3 51. e6 Rc2+ 52. Kd6 d2 53. exd7 d1Q+ 54. Ke7 Qe1+ 55. Re6 Qxb4+ 56. Ke8 Qf8# 0-1

[Event "Warsaw Najdorf Memorial op-B 11th"]
[White "Chomczyk, Marek"]
[Black "Szewczak, Andrzej"]
[Site "Warsaw"]
[Round "7"]
[Result "1-0"]
[Date "2013.08.11"]
[WhiteElo "1962"]
[BlackElo "1974"]
[PlyCount "69"]
[EventDate "2013.08.05"]
[EventType "swiss"]
[EventRounds "9"]
[EventCountry "POL"]
[SourceTitle "CBM 155 Extra"]
[Source "ChessBase"]
[SourceDate "2013.08.26"]
[SourceVersion "1"]
[SourceVersionDate "2013.08.26"]
[SourceQuality "1"]

1. e4 e5 2. Nf3 Nc6 3. Bc4 Bc5 4. c3 Qf6 5. d3 h6 6. Be3 d6 7. Nbd2 Nge7 8. h3 a6 9. Nf1 Be6 10. Bxe6 fxe6 11. Bxc5 dxc5 12. Ne3 g5 13. Qb3 0-0-0 14. Ng4 Qg6 15. Ngxe5 Nxe5 16. Nxe5 Qf6 17. Ng4 Qg6 18. Ne5 Qf6 19. Ng4 Qg6 20. 0-0-0 Rd6 21. Qc4 Rhd8 22. Qxc5 Nc6 23. Ne5 Nxe5 24. Qxe5 Rxd3 25. Rxd3 Rxd3 26. Rd1 Rxd1+ 27. Kxd1 Kd7 28. Qd4+ Kc6 29. Kd2 g4 30. hxg4 Qxg4 31. g3 h5 32. e5 Qg5+ 33. Ke2 Qc1 34. Qe4+ Kb6 35. Qe3+ 1-0

[Event "Warsaw Najdorf Memorial op-A 11th"]
[White "Leks, Maria"]
[Black "Szewczak, Andrzej"]
[Site "Warsaw"]
[Round "4"]
[Result "0-1"]
[Date "2013.08.08"]
[WhiteElo "2093"]
[BlackElo "1974"]
[PlyCount "94"]
[EventDate "2013.08.05"]
[EventType "swiss"]
[EventRounds "9"]
[EventCountry "POL"]
[SourceTitle "CBM 155 Extra"]
[Source "ChessBase"]
[SourceDate "2013.08.26"]
[SourceVersion "1"]
[SourceVersionDate "2013.08.26"]
[SourceQuality "1"]

1. e4 e6 2. d4 d5 3. Nd2 Nf6 4. e5 Nfd7 5. Bd3 c5 6. c3 Nc6 7. Ne2 f6 8. exf6 Qxf6 9. Nf3 Bd6 10. 0-0 0-0 11. Ng5 g6 12. Ng3 e5 13. Nxh7 Kxh7 14. Qh5+ Kg7 15. Qh6+ Kf7 16. Qh7+ Ke8 17. Bxg6+ Kd8 18. Nh5 Qh8 19. Bg5+ Be7 20. Ng7 Nf6 21. Bxf6 Bxf6 22. Qxh8 Rxh8 23. Nh5 Be7 24. dxc5 Bxc5 25. Rad1 d4 26. Ng3 Be6 27. b4 Bb6 28. b5 Ne7 29. Be4 Bd5 30. cxd4 exd4 31. Bxd5 Nxd5 32. Nf5 Nc3 33. Rd2 Kc7 34. Rc1 Rad8 35. h4 Kb8 36. g4 Rhe8 37. Kg2 Re2 38. Rd3 Nxb5 39. a4 Nc3 40. Kf3 Ra2 41. h5 Nxa4 42. h6 Nb2 43. Rd2 Ra3+ 44. Ke4 Nd3 45. Rh1 Re8+ 46. Kd5 Re5+ 47. Kd6 Bc7+ 0-1

[Event "Warsaw YMCA Summer 125th"]
[White "Goslawski, Michal"]
[Black "Szewczak, Andrzej"]
[Site "Warsaw"]
[Round "5"]
[Result "1-0"]
[Date "2013.07.26"]
[WhiteElo "2118"]
[BlackElo "1974"]
[PlyCount "229"]
[EventDate "2013.07.05"]
[EventType "tourn"]
[EventRounds "10"]
[EventCountry "POL"]
[SourceTitle "EXT 2014"]
[Source "ChessBase"]
[SourceDate "2013.11.20"]
[SourceVersion "1"]
[SourceVersionDate "2013.11.20"]
[SourceQuality "1"]

1. e4 e5 2. Nf3 Nc6 3. Bc4 Bc5 4. c3 Qf6 5. 0-0 d6 6. h3 h6 7. d4 exd4 8. e5 dxe5 9. Re1 Nge7 10. Nbd2 Bf5 11. Qe2 dxc3 12. bxc3 0-0 13. Ne4 Bxe4 14. Qxe4 a6 15. Bd3 Rfe8 16. Qh7+ Kf8 17. Qh8+ Ng8 18. Rb1 Rab8 19. Bh7 Ke7 20. Be4 Kd7 21. Rd1+ Bd6 22. Qh7 Nge7 23. Nh2 Rh8 24. Ng4 Rxh7 25. Nxf6+ gxf6 26. Bxh7 f5 27. g4 fxg4 28. hxg4 h5 29. gxh5 f5 30. Kf1 Rh8 31. Bg6 Nxg6 32. hxg6 Rg8 33. Rxb7 Rxg6 34. Ba3 Kc8 35. Rb3 Na5 36. Bxd6 Nxb3 37. Bxe5 Nc5 38. Rd5 Ne6 39. f3 f4 40. Kf2 Rh6 41. Kg2 Rg6+ 42. Kf2 Rh6 43. Kg2 Rh5 44. c4 c6 45. Ra5 Nd4 46. Rc5 Nf5 47. Rxc6+ Kb7 48. Rc7+ Kb6 49. c5+ Kb5 50. Bxf4 Nh4+ 51. Kg3 Nxf3 52. Kxf3 Rxc5 53. Rb7+ Ka4 54. Bd6 Rb5 55. Rc7 Rb2 56. a3 Rd2 57. Be7 Kb5 58. Ke3 Rd5 59. Ke4 Kb6 60. Rc1 Rh5 61. Kd4 Kb5 62. Rb1+ Kc6 63. Re1 Rf5 64. Rc1+ Kd7 65. Bb4 Rh5 66. Rd1 Kc6 67. Kc4 Rh4+ 68. Kb3 Rh3+ 69. Ka4 Rh5 70. Rd6+ Kb7 71. Rd7+ Kc6 72. Rd6+ Kb7 73. Rg6 Rf5 74. Kb3 Rh5 75. Bc3 Rb5+ 76. Kc4 Rb6 77. Rg7+ Kb8 78. Be5+ Kc8 79. Rc7+ Kb8 80. a4 a5 81. Rc5+ Kb7 82. Rb5 Ka6 83. Bc3 Rc6+ 84. Kb3 Rb6 85. Kc4 Rc6+ 86. Kd3 Rh6 87. Rxa5+ Kb6 88. Rf5 Ka6 89. Kc4 Rc6+ 90. Kb4 Rb6+ 91. Rb5 Rc6 92. Ra5+ Kb7 93. Bd4 Rc1 94. Rb5+ Ka8 95. Bb6 Rc2 96. Ka5 Kb7 97. Rg5 Rc8 98. Kb5 Re8 99. Rg7+ Ka8 100. Ka6 Kb8 101. Rg6 Ka8 102. Bf2 Kb8 103. Bg1 Ka8 104. Bc5 Kb8 105. Bd6+ Kc8 106. Kb6 Kd7 107. a5 Re1 108. Bb4 Rb1 109. Rg4 Rc1 110. Rg8 Rc6+ 111. Kb5 Re6 112. a6 Re5+ 113. Bc5 Re1 114. a7 Rb1+ 115. Bb4 1-0